[Event "Bad Woerishofen op"]
[Site "?"]
[Date "2000.??.??"]
[Round "7"]
[White "Puls, Harry"]
[Black "Hahner, Anton"]
[Result "0-1"]
[WhiteElo "1616"]
[BlackElo "1600"]
[Annotator "ChessOrg"]
[PlyCount "80"]
[EventDate "2000.??.??"]
[Source "ChessBase"]
[SourceDate "1998.04.29"]

1. d4 Nf6 2. c4 e5 3. dxe5 Ng4 4. e3 Nxe5 5. Nc3 Bb4 6. Bd2 d6 7. a3 Bxc3 8.
Bxc3 O-O 9. Nf3 Nbc6 10. Be2 Be6 11. Nxe5 Nxe5 12. O-O Qh4 13. f4 Ng4 14. Bxg4
Bxg4 15. Qd4 Qh6 16. h3 Bd7 17. Rf3 c5 18. Qd2 Qe6 19. Rg3 f6 20. b3 Bc6 21.
Qb2 Be4 22. Qe2 Qf5 23. Qg4 Qxg4 24. Rxg4 Kf7 25. h4 Rfe8 26. Rd1 Rad8 27. b4
b6 28. Rg3 Bc2 29. Re1 Re4 30. Rc1 Bb3 31. bxc5 dxc5 32. Be1 Bxc4 33. Rc3 b5
34. Kf2 b4 35. axb4 cxb4 36. Rc1 Rb8 37. Kf3 Bd5 38. Rc5 Ba8 39. Ke2 Re7 40.
Kd3 b3 0-1

[Event "Bad Woerishofen op"]
[Site "Bad Woerishofen"]
[Date "2000.??.??"]
[Round "9"]
[White "Puls, Harry"]
[Black "Budde, Reinhard"]
[Result "1/2-1/2"]
[WhiteElo "1616"]
[BlackElo "1621"]
[Annotator "ChessOrg"]
[PlyCount "40"]
[EventDate "1998.03.05"]
[Source "ChessBase"]
[SourceDate "1998.04.29"]

1. d4 d5 2. c4 e6 3. Nc3 Nf6 4. e3 Be7 5. Nf3 O-O 6. Bd3 dxc4 7. Bxc4 a6 8. O-O
b5 9. Bd3 Bb7 10. Re1 Re8 11. e4 Nbd7 12. Bg5 h6 13. Bxf6 Nxf6 14. e5 Nd7 15.
Bc2 Nf8 16. Qd3 c5 17. dxc5 Bxc5 18. Ne4 Bxe4 19. Qxe4 Qb6 20. Re2 Rad8 1/2-1/2

[Event "Bad Woerishofen op"]
[Site "?"]
[Date "2000.??.??"]
[Round "2"]
[White "Rahn, Oskar"]
[Black "Ruth, Walter"]
[Result "1/2-1/2"]
[WhiteElo "2095"]
[BlackElo "1859"]
[Annotator "ChessOrg"]
[PlyCount "104"]
[EventDate "2000.??.??"]
[Source "ChessBase"]
[SourceDate "1998.04.29"]

1. e4 c5 2. Nf3 Nc6 3. d4 cxd4 4. Nxd4 Nf6 5. Nc3 e5 6. Nxc6 bxc6 7. Bc4 Bb4 8.
Bg5 h6 9. Bxf6 Qxf6 10. Qd3 O-O 11. O-O d6 12. a3 Bc5 13. Na4 Bb6 14. Nxb6 axb6
15. Rfe1 Be6 16. Rad1 Rfd8 17. Bxe6 Qxe6 18. Qc3 Rac8 19. Rd3 b5 20. h3 f6 21.
Red1 Kf7 22. Qb4 d5 23. c3 Qd6 24. exd5 Qxb4 25. axb4 c5 26. Ra1 cxb4 27. Ra7+
Kf8 28. f3 Ra8 29. Rc7 Rac8 30. d6 Rb8 31. cxb4 Rb6 32. d7 Ke7 33. Rd5 Rd6 34.
Rxb5 R8xd7 35. Rbb7 Rxc7 36. Rxc7+ Ke6 37. Rxg7 Rd2 38. Kh2 Rxb2 39. Rb7 Kf5
40. b5 Kf4 41. b6 f5 42. Rb8 Rb1 43. b7 h5 44. h4 Rb2 45. Kg1 Rb1+ 46. Kf2 Rb2+
47. Ke1 Ke3 48. Kd1 Kf2 49. g4 hxg4 50. fxg4 e4 51. Rf8 Rxb7 52. Rxf5+ Kg3
1/2-1/2

[Event "Bad Woerishofen op"]
[Site "?"]
[Date "2000.??.??"]
[Round "4"]
[White "Rahn, Oskar"]
[Black "Niebuhr, Gerd"]
[Result "1-0"]
[WhiteElo "2095"]
[BlackElo "1833"]
[Annotator "ChessOrg"]
[PlyCount "66"]
[EventDate "2000.??.??"]
[Source "ChessBase"]
[SourceDate "1998.04.29"]

1. d4 Nf6 2. Bg5 c5 3. Bxf6 gxf6 4. c3 Qb6 5. Qd2 cxd4 6. cxd4 d5 7. Nc3 e6 8.
e3 Bg7 9. Bd3 Bd7 10. Nge2 Bc6 11. O-O f5 12. f4 Nd7 13. a4 Qb4 14. a5 O-O 15.
Rfd1 Rfe8 16. a6 b6 17. Nb5 Qxd2 18. Rxd2 Re7 19. Rc2 Bxb5 20. Bxb5 Nf6 21.
Rac1 Ne4 22. Rc8+ Rxc8 23. Rxc8+ Bf8 24. Nc3 Nd6 25. Rd8 Rc7 26. Bd3 Kg7 27.
Kf2 Be7 28. Rb8 Bf8 29. Ke2 Be7 30. Kd1 Bf8 31. Kc2 Be7 32. Kb3 Bf8 33. Ra8 Rc8
1-0

[Event "Bad Woerishofen op"]
[Site "?"]
[Date "2000.??.??"]
[Round "6"]
[White "Rahn, Oskar"]
[Black "Rueggeberg, Wilhelm"]
[Result "1-0"]
[WhiteElo "2095"]
[BlackElo "1813"]
[Annotator "ChessOrg"]
[PlyCount "149"]
[EventDate "2000.??.??"]
[Source "ChessBase"]
[SourceDate "1998.04.29"]

1. d4 Nf6 2. Bg5 e6 3. e4 Be7 4. Nd2 O-O 5. Bd3 d6 6. Ngf3 Nbd7 7. Qe2 c6 8.
O-O Re8 9. c3 Nf8 10. e5 Nd5 11. Bxe7 Qxe7 12. g3 dxe5 13. dxe5 Rd8 14. Rad1
Bd7 15. Ne4 Be8 16. Bb1 f6 17. exf6 gxf6 18. c4 Nc7 19. Nh4 Ng6 20. Nxg6 hxg6
21. f4 Kg7 22. Qe3 b6 23. a3 Rxd1 24. Rxd1 Rd8 25. Rxd8 Qxd8 26. Qd3 Qxd3 27.
Bxd3 c5 28. Nd6 Bd7 29. Ne4 Ne8 30. Kf2 Kh6 31. Be2 Bc6 32. Nd2 Nd6 33. Ke3
Nf5+ 34. Kd3 Nd4 35. Bd1 g5 36. fxg5+ Kxg5 37. Ne4+ Kg6 38. b4 Bxe4+ 39. Kxe4
a5 40. bxc5 bxc5 41. h4 Kh6 42. Kf4 Kg6 43. g4 Nc6 44. Bc2+ Kg7 45. g5 e5+ 46.
Kg4 Ne7 47. h5 fxg5 48. Kxg5 Nc8 49. h6+ Kh8 50. Kf6 Nd6 51. Bd3 e4 52. Be2 Kh7
53. Ke6 Nc8 54. Kd5 Kxh6 55. Kxc5 Kg5 56. Kb5 Kf5 57. Kxa5 Ke5 58. Ka6 Kd4 59.
Kb5 Nd6+ 60. Kb4 Nb7 61. a4 Nc5 62. a5 e3 63. Kb5 Ne4 64. a6 Nc3+ 65. Kb4 Nxe2
66. a7 Nf4 67. a8=Q e2 68. Qa1+ Ke3 69. Qe5+ Kf3 70. Kc3 Ng2 71. c5 e1=Q+ 72.
Qxe1 Nxe1 73. c6 Ng2 74. c7 Nf4 75. c8=Q 1-0

[Event "Bad Woerishofen op"]
[Site "?"]
[Date "2000.??.??"]
[Round "8"]
[White "Rahn, Oskar"]
[Black "Stumpf, Walter"]
[Result "1/2-1/2"]
[WhiteElo "2095"]
[BlackElo "1975"]
[Annotator "ChessOrg"]
[PlyCount "77"]
[EventDate "2000.??.??"]
[Source "ChessBase"]
[SourceDate "1998.04.29"]

1. d4 Nf6 2. Bg5 e6 3. e4 Be7 4. Nd2 d6 5. Ngf3 c5 6. c3 O-O 7. Bd3 Nbd7 8. Qe2
e5 9. dxc5 dxc5 10. O-O h6 11. Bxf6 Bxf6 12. Nc4 Qc7 13. Ne3 Nb6 14. Nd5 Qd6
15. Rad1 Bg4 16. Ne3 Bxf3 17. Qxf3 g6 18. Bc4 Qe7 19. Bb3 Bg7 20. Nd5 Nxd5 21.
Rxd5 Rad8 22. Rfd1 Rxd5 23. Rxd5 b5 24. Qd1 Bf6 25. Rd7 Rd8 26. Bxf7+ Qxf7 27.
Rxd8+ Bxd8 28. Qxd8+ Kg7 29. Qd5 Qxd5 30. exd5 e4 31. Kf1 Kf6 32. Ke2 Ke5 33.
Ke3 Kxd5 34. h4 a5 35. b3 g5 36. h5 Ke5 37. g4 c4 38. bxc4 bxc4 39. a4 1/2-1/2

[Event "Bad Woerishofen op"]
[Site "?"]
[Date "2000.??.??"]
[Round "2"]
[White "Reer, Erdmann"]
[Black "Stoll, Richard"]
[Result "1-0"]
[WhiteElo "2158"]
[BlackElo "1696"]
[Annotator "ChessOrg"]
[PlyCount "118"]
[EventDate "2000.??.??"]
[Source "ChessBase"]
[SourceDate "1998.04.29"]

1. e4 g6 2. d4 Bg7 3. Nf3 d6 4. Be2 Nc6 5. O-O e5 6. c3 Nh6 7. Bg5 f6 8. Bh4
Nf7 9. dxe5 Ncxe5 10. Nxe5 Nxe5 11. f4 Nf7 12. Nd2 O-O 13. Qc2 b6 14. Rad1 Bb7
15. Nf3 Qe8 16. Bd3 a5 17. Rfe1 Kh8 18. Nd4 Rc8 19. Bc4 Nd8 20. Bg3 Qe7 21. f5
g5 22. a3 Ra8 23. Rd2 Re8 24. Bd3 Ba6 25. Bxa6 Rxa6 26. Qd3 Ra8 27. Rde2 Rc8
28. b4 axb4 29. cxb4 Qd7 30. Rc2 Bf8 31. Qb5 Qf7 32. Qa6 Qd7 33. Qb5 Qf7 34. a4
Qe7 35. a5 bxa5 36. bxa5 c5 37. a6 Ra8 38. Nf3 Nf7 39. Ra2 Reb8 40. Qc6 Rc8 41.
Qd5 Qc7 42. Rb1 Nd8 43. Nd2 Rcb8 44. Rxb8 Qxb8 45. Ra1 Ra7 46. Qxc5 Qa8 47. Qb6
Nc6 48. Nc4 Ne5 49. Nxd6 Bxd6 50. Qxd6 Kg7 51. Bxe5 fxe5 52. Qxe5+ Kh6 53. Qf6+
Kh5 54. Ra3 Qxe4 55. Rh3+ Kg4 56. Rg3+ Kf4 57. Qxg5+ Ke5 58. Re3 Rxa6 59. Qe7+
Kxf5 1-0

[Event "Bad Woerishofen op"]
[Site "?"]
[Date "2000.??.??"]
[Round "4"]
[White "Reer, Erdmann"]
[Black "Rueggeberg, Wilhelm"]
[Result "1/2-1/2"]
[WhiteElo "2158"]
[BlackElo "1813"]
[Annotator "ChessOrg"]
[PlyCount "41"]
[EventDate "2000.??.??"]
[Source "ChessBase"]
[SourceDate "1998.04.29"]

1. e4 c5 2. Nc3 Nc6 3. g3 d6 4. Bg2 Nf6 5. Nge2 Bg4 6. h3 Bd7 7. O-O g6 8. d3
Bg7 9. Be3 O-O 10. Qd2 Qa5 11. Bh6 Nd4 12. Bxg7 Nxe2+ 13. Qxe2 Kxg7 14. Kh2 Qc7
15. f4 e5 16. f5 Bc6 17. Rf2 g5 18. Nd1 h6 19. Ne3 Rh8 20. h4 Rag8 21. h5
1/2-1/2

[Event "Bad Woerishofen op"]
[Site "?"]
[Date "2000.??.??"]
[Round "6"]
[White "Reer, Erdmann"]
[Black "Schmidt, Werner"]
[Result "1/2-1/2"]
[WhiteElo "2158"]
[BlackElo "1840"]
[Annotator "ChessOrg"]
[PlyCount "120"]
[EventDate "2000.??.??"]
[Source "ChessBase"]
[SourceDate "1998.04.29"]

1. e4 d6 2. d4 g6 3. Nf3 Nf6 4. Bd3 Bg7 5. c3 O-O 6. O-O Nbd7 7. Nbd2 e5 8. Re1
Re8 9. Nf1 h6 10. h3 Nh5 11. g3 Nf8 12. Kh2 Qd7 13. Ng1 exd4 14. cxd4 Bxd4 15.
Bb5 Qxb5 16. Qxd4 Ne6 17. Qc3 Qc5 18. Qxc5 Nxc5 19. Bxh6 Nxe4 20. Rac1 c6 21.
f3 Nef6 22. Bg5 Re6 23. g4 Nh7 24. Be7 Ng7 25. Nd2 d5 26. Nb3 Rxe1 27. Rxe1 Ne6
28. Kg3 b6 29. f4 Bd7 30. Nf3 Re8 31. Ba3 c5 32. Nbd2 Nc7 33. Rxe8+ Bxe8 34. b3
Nb5 35. Bb2 d4 36. Nc4 Nf6 37. Nfe5 Ne4+ 38. Kf3 Ned6 39. a4 Nxc4 40. Nxc4 Bc6+
41. Ke2 Nc7 42. Nd6 Nd5 43. f5 Nf4+ 44. Kd2 Nxh3 45. fxg6 fxg6 46. Nc8 Nf2 47.
Ne7+ Kf7 48. Nxc6 a6 49. Ne5+ Ke6 50. Nxg6 Nxg4 51. Nf4+ Kf5 52. Nd3 a5 53. Ke2
Ne3 54. Bc1 Nd5 55. Bh6 c4 56. bxc4 Nc3+ 57. Kd2 Nxa4 58. Bg7 Ke4 59. Kc2 Ke3
60. Bh6+ Ke4 1/2-1/2

[Event "Bad Woerishofen op"]
[Site "?"]
[Date "2000.??.??"]
[Round "8"]
[White "Reer, Erdmann"]
[Black "Gensbauer, Viktor"]
[Result "1/2-1/2"]
[WhiteElo "2158"]
[BlackElo "1792"]
[Annotator "ChessOrg"]
[PlyCount "120"]
[EventDate "2000.??.??"]
[Source "ChessBase"]
[SourceDate "1998.04.29"]

1. e4 c6 2. d4 d5 3. exd5 cxd5 4. c4 e6 5. Nf3 Nc6 6. c5 Nf6 7. Bb5 Be7 8. O-O
O-O 9. Be3 Bd7 10. a3 Re8 11. b4 a5 12. Bxc6 Bxc6 13. Nc3 Ne4 14. Qc2 Nxc3 15.
Qxc3 Bf6 16. Rfb1 axb4 17. axb4 Bb5 18. Rxa8 Qxa8 19. Ra1 Qc8 20. Ra5 Qc6 21.
Qa1 h6 22. h3 Ba6 23. Bf4 Rc8 24. Qb2 Bb5 25. Nd2 Bd8 26. Ra1 Be7 27. Nb1 Re8
28. Nc3 Bd8 29. Nxb5 Qxb5 30. Qb3 Bf6 31. Be3 Rc8 32. Ra5 Qc4 33. Qxc4 dxc4 34.
b5 Rd8 35. c6 bxc6 36. bxc6 Be7 37. Ra4 Rc8 38. Rxc4 Bd6 39. g3 Kf8 40. Kg2 Ke8
41. Kf3 Kd8 42. g4 Kc7 43. Ke4 Ra8 44. Bd2 Ra2 45. Be3 Ra6 46. d5 Ra5 47. dxe6
Re5+ 48. Kd3 Rxe6 49. Bd2 Bh2 50. Ba5+ Kc8 51. f4 g6 52. c7 Ra6 53. Bc3 Re6 54.
Be5 f6 55. Bc3 Bg1 56. Re4 Rd6+ 57. Ke2 Kxc7 58. Re7+ Rd7 59. Bxf6 Rxe7+ 60.
Bxe7 Kd7 1/2-1/2

[Event "Bad Woerishofen op"]
[Site "?"]
[Date "2000.??.??"]
[Round "2"]
[White "Reinke, Kurt"]
[Black "Jeske, Guenter"]
[Result "1-0"]
[WhiteElo "1786"]
[BlackElo "1614"]
[Annotator "ChessOrg"]
[PlyCount "103"]
[EventDate "2000.??.??"]
[Source "ChessBase"]
[SourceDate "1998.04.29"]

1. d4 d5 2. Nf3 Nf6 3. c4 e6 4. Bg5 Be7 5. e3 Nbd7 6. Nc3 c5 7. Bd3 dxc4 8.
Bxc4 a6 9. O-O b5 10. Bd3 c4 11. Bc2 Bb7 12. Qe2 O-O 13. e4 h6 14. Bh4 Nh7 15.
Bg3 Ndf6 16. Bf4 Nd7 17. Rad1 Ng5 18. d5 Nxf3+ 19. Qxf3 e5 20. Be3 Bg5 21. Qe2
Rc8 22. g3 Bxe3 23. Qxe3 Nf6 24. h3 Qd7 25. Kh2 Rcd8 26. f4 Bc8 27. f5 Nh7 28.
g4 f6 29. h4 Qf7 30. Rd2 Rd6 31. Rg2 g5 32. h5 Qc7 33. b4 Bd7 34. a4 Ra8 35.
Ra1 Rb8 36. Qc5 Qb6 37. a5 Qxc5 38. bxc5 b4 39. Ne2 b3 40. Rb1 Rxd5 41. exd5
Bb5 42. Be4 Nf8 43. Nc3 Nd7 44. c6 Nc5 45. c7 Rc8 46. d6 Nxe4 47. Nxe4 Kf7 48.
d7 Bxd7 49. Nd6+ Ke7 50. Nxc8+ Bxc8 51. Rc1 Bb7 52. Rxc4 1-0

[Event "Bad Woerishofen op"]
[Site "?"]
[Date "2000.??.??"]
[Round "4"]
[White "Reinke, Kurt"]
[Black "Ludekus, Bernhard"]
[Result "1-0"]
[WhiteElo "1786"]
[BlackElo "1600"]
[Annotator "ChessOrg"]
[PlyCount "93"]
[EventDate "2000.??.??"]
[Source "ChessBase"]
[SourceDate "1998.04.29"]

1. d4 Nf6 2. Nf3 d6 3. c4 g6 4. Nc3 Bg7 5. e4 Nbd7 6. Be2 O-O 7. Bg5 c5 8. d5
e5 9. dxe6 fxe6 10. Qxd6 Qb6 11. Qxb6 Nxb6 12. e5 Nfd7 13. Be7 Rf5 14. Bd3 Rf7
15. Bd6 Rf4 16. Ne2 Rf7 17. Ng5 Nxe5 18. Bxe5 Rd7 19. Bxg7 Rxd3 20. Bc3 Nxc4
21. Nf4 Rd6 22. Ne4 Rc6 23. b3 Nb6 24. Nf6+ Kf7 25. Nxh7 Nd5 26. Nxd5 exd5 27.
Ng5+ Ke7 28. O-O d4 29. Rfe1+ Kd8 30. Nf7+ Kc7 31. Bd2 Bf5 32. Re7+ Kb6 33. Ne5
Rc7 34. Nc4+ Kc6 35. Re5 b6 36. Rae1 Kb7 37. Nd6+ Ka6 38. Nxf5 gxf5 39. Rxf5
Rd8 40. h4 Rh7 41. h5 Rg8 42. h6 Kb5 43. Rfe5 a5 44. a4+ Ka6 45. Re6 c4 46.
bxc4 d3 47. c5 1-0

[Event "Bad Woerishofen op"]
[Site "?"]
[Date "2000.??.??"]
[Round "6"]
[White "Reinke, Kurt"]
[Black "Becka, Yaromir"]
[Result "1-0"]
[WhiteElo "1786"]
[BlackElo "1666"]
[Annotator "ChessOrg"]
[PlyCount "97"]
[EventDate "2000.??.??"]
[Source "ChessBase"]
[SourceDate "1998.04.29"]

1. d4 Nf6 2. Nf3 h6 3. c4 e6 4. Nc3 d5 5. e3 a6 6. Bd3 dxc4 7. Bxc4 b5 8. Bd3
Bb7 9. O-O Bd6 10. a3 Nbd7 11. e4 e5 12. Re1 O-O 13. b4 c6 14. Ne2 a5 15. bxa5
Rxa5 16. Bb2 Re8 17. Ng3 Qb8 18. Nf5 exd4 19. Qd2 Ne5 20. Nxe5 Bxe5 21. Qxa5
Bxh2+ 22. Kf1 Ng4 23. Qd2 Bf4 24. Qe2 h5 25. g3 g6 26. gxf4 gxf5 27. e5 Qd8 28.
Bxf5 Qh4 29. Be4 Bc8 30. Bxd4 Nh2+ 31. Kg2 Bg4 32. Qd3 f5 33. Bxc6 Re7 34. Qb3+
Kh7 35. Qg3 Nf3 36. Bxf3 Qxg3+ 37. fxg3 Bxf3+ 38. Kf2 Be4 39. Bc5 Rg7 40. e6 h4
41. gxh4 Rg2+ 42. Ke3 Rg6 43. e7 Re6 44. Kd4 Kh6 45. Rg1 Kh5 46. Rg8 Bc6 47.
Rag1 Re4+ 48. Kd3 Re6 49. Rh8+ 1-0

[Event "Bad Woerishofen op"]
[Site "?"]
[Date "2000.??.??"]
[Round "7"]
[White "Reinke, Kurt"]
[Black "Schuler, Georg"]
[Result "0-1"]
[WhiteElo "1786"]
[BlackElo "1919"]
[Annotator "ChessOrg"]
[PlyCount "61"]
[EventDate "2000.??.??"]
[Source "ChessBase"]
[SourceDate "1998.04.29"]

1. d4 Nf6 2. Nf3 g6 3. c4 Bg7 4. Nc3 d5 5. e3 O-O 6. Be2 c6 7. c5 Nbd7 8. O-O
Qc7 9. b4 a6 10. a4 e5 11. Bb2 Ng4 12. h3 exd4 13. exd4 Nh6 14. b5 Nf6 15. Ne5
Re8 16. b6 Qd8 17. Bc1 Nf5 18. g4 Nxd4 19. Qxd4 Nxg4 20. f4 Nxe5 21. fxe5 Bxe5
22. Qf2 Bxc3 23. Qxf7+ Kh8 24. Bh6 Be6 25. Qxb7 Bxa1 26. Rxa1 Bd7 27. Bg4 Qf6
28. Rf1 Qd4+ 29. Kh2 Bxg4 30. Kg3 Qc3+ 31. Kxg4 0-1

[Event "Bad Woerishofen op"]
[Site "Bad Woerishofen"]
[Date "2000.??.??"]
[Round "9"]
[White "Reinke, Kurt"]
[Black "Wicklund-Hansen, Richard"]
[Result "1-0"]
[WhiteElo "1786"]
[BlackElo "2040"]
[Annotator "ChessOrg"]
[PlyCount "65"]
[EventDate "1998.03.05"]
[Source "ChessBase"]
[SourceDate "1998.04.29"]

1. d4 g6 2. c4 Nf6 3. Nc3 Bg7 4. e4 d6 5. Bg5 O-O 6. h3 Nbd7 7. Nf3 c5 8. d5 a6
9. Qd2 Re8 10. Bd3 Nb6 11. O-O-O Qc7 12. Bh6 Bh8 13. g4 e6 14. Rde1 Bd7 15. e5
dxe5 16. Nxe5 exd5 17. f4 dxc4 18. Bc2 Rad8 19. Qh2 Nfd5 20. Ne4 Bxe5 21. fxe5
Bc6 22. Nd6 Nb4 23. Rhf1 Bd5 24. Qf2 Qe7 25. Nxe8 Rxe8 26. Qf4 Nd7 27. Bg5 Qe6
28. Bf6 Qb6 29. Qh6 Nxa2+ 30. Kd1 Nxf6 31. exf6 Rxe1+ 32. Kxe1 Qa5+ 33. Kf2 1-0

[Event "Bad Woerishofen op"]
[Site "?"]
[Date "2000.??.??"]
[Round "1"]
[White "Richter, Gerhard"]
[Black "Weber, Siegfried"]
[Result "1-0"]
[WhiteElo "1926"]
[BlackElo "1651"]
[Annotator "ChessOrg"]
[PlyCount "114"]
[EventDate "2000.??.??"]
[Source "ChessBase"]
[SourceDate "1998.04.29"]

1. e4 c5 2. Nf3 d6 3. g3 Nf6 4. Nc3 Nc6 5. Bg2 g6 6. d3 Bg7 7. O-O O-O 8. h3 a6
9. Be3 e5 10. Qd2 Be6 11. Ng5 Rc8 12. f4 Bd7 13. f5 Nd4 14. g4 h6 15. Nf3 Nxf3+
16. Bxf3 g5 17. Kg2 Nh7 18. a4 Bc6 19. Nd5 Bxd5 20. exd5 f6 21. c4 a5 22. Rh1
b6 23. h4 Rf7 24. Be4 Qf8 25. hxg5 fxg5 26. Kg3 Rf6 27. Ra2 Qd8 28. Rha1 Rf8
29. Qf2 Rb8 30. Rh1 Rf6 31. Qc2 Rf8 32. Ra3 Qd7 33. Rh3 Rf6 34. Ra1 Rb7 35.
Rah1 Qd8 36. Qb3 Qd7 37. Bd2 Qc7 38. Qb5 Qd7 39. Qb3 Qc7 40. R1h2 Qd7 41. Bc3
Qe7 42. Bd2 Qd7 43. Qd1 Qe8 44. Rh5 Qd7 45. b3 Qe8 46. Qh1 Kf7 47. Rxh6 Rxh6
48. Rxh6 Bxh6 49. Qxh6 Kg8 50. f6 Qf7 51. Bg6 Qf8 52. f7+ Rxf7 53. Bxf7+ Qxf7
54. Bxg5 Nxg5 55. Qxg5+ Kh7 56. Qh5+ Kg7 57. Qxf7+ Kxf7 1-0

[Event "Bad Woerishofen op"]
[Site "?"]
[Date "2000.??.??"]
[Round "3"]
[White "Richter, Gerhard"]
[Black "Fischer, Ernst"]
[Result "1/2-1/2"]
[WhiteElo "1926"]
[BlackElo "2198"]
[Annotator "ChessOrg"]
[PlyCount "33"]
[EventDate "2000.??.??"]
[Source "ChessBase"]
[SourceDate "1998.04.29"]

1. e4 d5 2. Nc3 c6 3. d4 dxe4 4. Nxe4 Nf6 5. Ng5 h6 6. N5f3 Bf5 7. Bc4 e6 8. c3
Bd6 9. Ne2 Qc7 10. O-O Nbd7 11. h3 g5 12. Bd3 g4 13. Nh4 gxh3 14. Nxf5 Bh2+ 15.
Kh1 hxg2+ 16. Kxg2 exf5 17. f4 1/2-1/2

[Event "Bad Woerishofen op"]
[Site "?"]
[Date "2000.??.??"]
[Round "5"]
[White "Richter, Gerhard"]
[Black "Hausner, Alfreda"]
[Result "1/2-1/2"]
[WhiteElo "1926"]
[BlackElo "1670"]
[Annotator "ChessOrg"]
[PlyCount "57"]
[EventDate "2000.??.??"]
[Source "ChessBase"]
[SourceDate "1998.04.29"]

1. e4 e6 2. d3 d5 3. Nd2 dxe4 4. dxe4 Nc6 5. Ngf3 Nf6 6. Bc4 Be7 7. c3 O-O 8.
O-O b6 9. Qe2 Bb7 10. Rd1 Qc8 11. e5 Nd7 12. Nf1 Na5 13. Bb5 Bxf3 14. gxf3 Rd8
15. Bf4 a6 16. Bd3 b5 17. Qe4 Nf8 18. Ne3 c5 19. a3 c4 20. Bc2 Rxd1+ 21. Rxd1
Qc6 22. Bg3 Qxe4 23. Bxe4 Rd8 24. Rxd8 Bxd8 25. Kf1 Nd7 26. f4 Nc5 27. Bc2 Nab3
28. Ke2 Nc1+ 29. Kd2 1/2-1/2

[Event "Bad Woerishofen op"]
[Site "?"]
[Date "2000.??.??"]
[Round "7"]
[White "Richter, Gerhard"]
[Black "Spaethe, Erwin"]
[Result "1/2-1/2"]
[WhiteElo "1926"]
[BlackElo "1690"]
[Annotator "ChessOrg"]
[PlyCount "69"]
[EventDate "2000.??.??"]
[Source "ChessBase"]
[SourceDate "1998.04.29"]

1. e4 c6 2. d4 d5 3. e5 Bf5 4. g4 Bg6 5. Nh3 e6 6. Nf4 Be4 7. f3 Qh4+ 8. Ke2
Bg6 9. Be3 c5 10. Nc3 Nc6 11. Nb5 O-O-O 12. c3 a6 13. Na3 cxd4 14. cxd4 Bb4 15.
Nc2 Bxc2 16. Qxc2 Qe7 17. Nd3 Kb8 18. a3 Ba5 19. Nc5 Bb6 20. Rd1 Bxc5 21. dxc5
f6 22. exf6 gxf6 23. b4 h5 24. g5 fxg5 25. Qg6 Ne5 26. Qxg5 Qxg5 27. Bxg5 Rf8
28. f4 Ng6 29. Rd4 N8e7 30. Bxe7 Nxe7 31. Bh3 Nc6 32. Rd3 Rxf4 33. Rf1 Rxf1 34.
Kxf1 Re8 35. Kg2 1/2-1/2

[Event "Bad Woerishofen op"]
[Site "Bad Woerishofen"]
[Date "2000.??.??"]
[Round "9"]
[White "Richter, Gerhard"]
[Black "Hoffmann, Reinhold"]
[Result "1/2-1/2"]
[WhiteElo "1926"]
[BlackElo "1860"]
[Annotator "ChessOrg"]
[PlyCount "33"]
[EventDate "1998.03.05"]
[Source "ChessBase"]
[SourceDate "1998.04.29"]

1. e4 e5 2. Bc4 Nf6 3. d3 Bc5 4. Nf3 d6 5. c3 Bb6 6. Bb3 Bg4 7. h3 Bh5 8. Nbd2
Nbd7 9. Nc4 Bc5 10. Ne3 Qe7 11. Nf5 Qf8 12. g4 Bg6 13. Bc2 Bxf5 14. gxf5 Bb6
15. b4 d5 16. Bb2 O-O-O 17. Qe2 1/2-1/2

[Event "Bad Woerishofen op"]
[Site "?"]
[Date "2000.??.??"]
[Round "1"]
[White "Rueggeberg, Wilhelm"]
[Black "Disselberger, Alfons"]
[Result "1-0"]
[WhiteElo "1813"]
[BlackElo "1271"]
[Annotator "ChessOrg"]
[PlyCount "59"]
[EventDate "2000.??.??"]
[Source "ChessBase"]
[SourceDate "1998.04.29"]

1. d4 Nf6 2. Nf3 d5 3. c4 e6 4. Nc3 Bb4 5. Bg5 Be7 6. e3 Nbd7 7. Qc2 h6 8. Bh4
O-O 9. cxd5 exd5 10. Bd3 c6 11. O-O Re8 12. h3 Nf8 13. Ne5 Be6 14. Rad1 Qc8 15.
f4 Bxh3 16. gxh3 Qxh3 17. Qf2 Ne4 18. Qf3 Qxh4 19. Nxe4 dxe4 20. Bxe4 f6 21.
Ng6 Nxg6 22. Bxg6 Rf8 23. Bf5 Rad8 24. Rd2 g5 25. Rh2 Qxh2+ 26. Kxh2 Bd6 27.
Qh5 Bxf4+ 28. exf4 Rf7 29. Be6 Rdf8 30. Qg6+ 1-0

[Event "Bad Woerishofen op"]
[Site "?"]
[Date "2000.??.??"]
[Round "3"]
[White "Rueggeberg, Wilhelm"]
[Black "Hoffmann, Reinhold"]
[Result "1/2-1/2"]
[WhiteElo "1813"]
[BlackElo "1860"]
[Annotator "ChessOrg"]
[PlyCount "20"]
[EventDate "2000.??.??"]
[Source "ChessBase"]
[SourceDate "1998.04.29"]

1. d4 d5 2. Nf3 Nf6 3. c4 c6 4. cxd5 cxd5 5. Nc3 Nc6 6. e3 e6 7. a3 Bd6 8. Bd2
O-O 9. Rc1 Bd7 10. Bd3 Rc8 1/2-1/2

[Event "Bad Woerishofen op"]
[Site "?"]
[Date "2000.??.??"]
[Round "5"]
[White "Rueggeberg, Wilhelm"]
[Black "Wicklund-Hansen, Richard"]
[Result "1-0"]
[WhiteElo "1813"]
[BlackElo "2040"]
[Annotator "ChessOrg"]
[PlyCount "65"]
[EventDate "2000.??.??"]
[Source "ChessBase"]
[SourceDate "1998.04.29"]

1. d4 Nf6 2. Nf3 g6 3. c4 Bg7 4. Nc3 O-O 5. e4 d6 6. h3 e5 7. d5 a6 8. Bg5 Qe8
9. Bd3 Nh5 10. Qd2 f5 11. Bh6 fxe4 12. Bxe4 Nd7 13. Bxg7 Nxg7 14. O-O-O Nc5 15.
Bc2 b5 16. b4 Nb7 17. Bb3 a5 18. Nxb5 Qf7 19. a3 Bf5 20. Qc3 axb4 21. axb4 Ra6
22. Kb2 Ne8 23. Rd2 Bd7 24. Ng5 Qe7 25. Ne6 Bxe6 26. dxe6 c6 27. Na3 Nf6 28.
Re1 Rfa8 29. Nc2 Nd8 30. c5 d5 31. Qxe5 Ne4 32. Rxe4 dxe4 33. Rd7 1-0

[Event "Bad Woerishofen op"]
[Site "?"]
[Date "2000.??.??"]
[Round "7"]
[White "Rueggeberg, Wilhelm"]
[Black "Fels, Karl-Heinz"]
[Result "0-1"]
[WhiteElo "1813"]
[BlackElo "1927"]
[Annotator "ChessOrg"]
[PlyCount "158"]
[EventDate "2000.??.??"]
[Source "ChessBase"]
[SourceDate "1998.04.29"]

1. d4 Nf6 2. Nf3 e6 3. c4 b6 4. Bg5 Bb7 5. e3 h6 6. Bh4 g5 7. Bg3 Ne4 8. a3 Bg7
9. Nc3 d6 10. Nxe4 Bxe4 11. Nd2 Bb7 12. f3 Nd7 13. Rc1 a5 14. Be2 Rc8 15. Qa4
Qe7 16. O-O O-O 17. Bd3 f5 18. Bf2 c5 19. Qc2 Nf6 20. Qb3 Qc7 21. d5 exd5 22.
Bxf5 Rce8 23. cxd5 Bxd5 24. Qc2 Bf7 25. Bg6 d5 26. Bxf7+ Qxf7 27. Qb3 Nd7 28.
Rc2 Kh8 29. Rfc1 Qe6 30. Nf1 h5 31. Rd1 Nf6 32. Rcd2 g4 33. Bg3 gxf3 34. gxf3
Bh6 35. Re1 Rg8 36. Rg2 Qc6 37. Qd1 b5 38. Kh1 b4 39. axb4 axb4 40. Qd3 Re7 41.
Ree2 c4 42. Qd4 Bg7 43. Be5 Ne8 44. Bxg7+ Rgxg7 45. Rg5 Nf6 46. Reg2 Rxg5 47.
Rxg5 Kh7 48. Ng3 Rg7 49. Rf5 Kg6 50. Qf4 c3 51. bxc3 bxc3 52. e4 c2 53. Ne2
dxe4 54. Rg5+ Kf7 55. Rxg7+ Kxg7 56. fxe4 Nxe4 57. Kg1 Qc4 58. Qe3 Kf7 59. Kg2
Nf6 60. Nc1 Kg6 61. Qd3+ Qxd3 62. Nxd3 Kg5 63. Kf2 Kg4 64. Ke2 Ne4 65. Nc1 h4
66. Kd3 Nf2+ 67. Kxc2 Kf3 68. Kd2 Ng4 69. h3 Nf2 70. Ne2 Nxh3 71. Ke1 Kg2 72.
Kd2 Kf2 73. Kd3 Ng5 74. Nf4 Kf3 75. Ne2 Ne6 76. Kd2 Kf2 77. Nc3 h3 78. Ne4+ Kf3
79. Ke1 h2 0-1

[Event "Bad Woerishofen op"]
[Site "Bad Woerishofen"]
[Date "2000.??.??"]
[Round "9"]
[White "Rueggeberg, Wilhelm"]
[Black "Escher, Helmut"]
[Result "1/2-1/2"]
[WhiteElo "1813"]
[BlackElo "2050"]
[Annotator "ChessOrg"]
[PlyCount "31"]
[EventDate "1998.03.05"]
[Source "ChessBase"]
[SourceDate "1998.04.29"]

1. d4 Nf6 2. Nf3 g6 3. c4 c5 4. d5 b5 5. cxb5 a6 6. b6 d6 7. Nc3 Qxb6 8. e4 Bg7
9. Qc2 O-O 10. Be2 a5 11. O-O Ba6 12. Rb1 Bxe2 13. Nxe2 Nbd7 14. Ng3 a4 15. h3
Rfb8 16. Be3 1/2-1/2